Aquaculture science

Wedi'i Gadw mewn:
Manylion Llyfryddiaeth
Prif Awdur: Rick Parker
Fformat: Llyfr
Iaith:Undetermined
Cyhoeddwyd: Albany, NY Delmar 2002
Pynciau:
Tagiau: Ychwanegu Tag
Dim Tagiau, Byddwch y cyntaf i dagio'r cofnod hwn!
Thư viện lưu trữ: Trung tâm Học liệu Trường Đại học Cần Thơ
LEADER 00535nam a2200205Ia 4500
001 CTU_67503
008 210402s9999 xx 000 0 und d
020 |b 57 
082 |a 639.8 
082 |b P243 
100 |a Rick Parker 
245 0 |a Aquaculture science 
245 0 |c Rick Parker 
260 |a Albany, NY 
260 |b Delmar 
260 |c 2002 
650 |a aquaculture,aquaculture industry 
650 |x juvenile literature,juvenile literature 
904 |i Minh 
980 |a Trung tâm Học liệu Trường Đại học Cần Thơ